| 000 | 00000nam##2200000za#4500 |
| 001 | 9.659285 |
| 003 | CaOODSP |
| 005 | 20220125145841 |
| 007 | ta |
| 008 | 150407|1997||||xxc||||| f|0| 0 eng|d |
| 020 | |a0-662-62955-8 |
| 040 | |aCaOODSP|beng |
| 041 | |aeng |
| 041 | |afre |
| 043 | |an-cn--- |
| 086 | 1 |aD2-109/1996 |
| 110 | 1 |aCanada. |bDepartment of National Defence. |
| 245 | 14|aThe many faces of ethics in defence : |bproceedings of the Conference on Ethics in Canadian Defence, Ottawa, 24-25 October, 1996 / |cIssued by the Defence Ethics Program, Chief Review Services. |
| 260 | |aOttawa - Ontario : |bNational Defence |c1997. |
| 300 | |aEnglish text, 111p. : |breferences ; |c28 cm. |
| 500 | |a"This publication captures the formal presentations that were made under the themes of the The many faces of ethics in Defence."--Introduction. |
| 520 | 3 |aThis publication captures the formal presentations that were made under the themes of the The many faces of ethics in Defence.--Introduction |
| 546 | |aBilingual |
| 563 | |aSoftcover |
| 590 | |a97-24|b1997-06-13 |
| 690 | 07|aDefence policy|2gcpds |
| 690 | 07|aEthics|2gcpds |
| 776 | 0#|tLes multiples faces éthiques de la défense : |w(CaOODSP)9.643352 |
| 776 | 0#|tThe many faces of ethics in defence : |w(CaOODSP)9.699360 |
| 792 | |tLes multiples faces éthiques de la défense : |efre|w(CaOODSP)9.659286 |